00536nam a22001577a 4500010001500000020002900015035001400044037001300058082001100071100002000082245011900102260004300221270005600264300002000320500003800340 aENG-126098 a978-93-8898-25-1c500.00 aEN-109630 bDBAD/PUB a362.11 aSharma, Anamika aCustomer Expectations In Healthcare Services:bAn Assessment Of Selected Private Healthcare Units/cAnamika Sharma aTamil NadubShanlax Publicationsc2019 a61,66 T.P.K. Main Road Vasanta nagar Madurai-625003 a105p.c24cm(hb) aits includes index & bibliography